000 00950nam a2200241 a 4500
001 34884
003 BD-RjUL
005 20211209052227.0
008 140519r19651922enk eng d
035 _a(BD-RjUL)34978
035 _a2526548
040 _aTU
_beng
_cTU
_dABN-SNR
041 _aeng
082 _a519.32
_bTAB 1965
245 1 0 _aTables of the incomplete r-function /
_ccomputed by the staff of the Department of applied statistics, University of London, University college ; edited by Karl Pearson.
260 _aLondon :
_bPub. for the Department of scientific and industrial research by H. M. Stationery off,
_c1922 [Reprinted 1965]
300 _axxxi, 164 p. ;
_c29 cm.
650 0 _aGamma functions.
_922845
700 _aPearson, Karl,
_923240
710 1 _aGreat Britain.
_bDepartment of Scientific and Industrial Research.
_929943
710 2 _aUniversity College, London.
_bDepartment of Statistics.
_9106192
942 _2ddc
_cBK
999 _c34884
_d34884